000 01051 a2200193 4500
003 Nust
005 20221011141156.0
010 _a 73020444
020 _a0070017867
_a0070017875 (pbk.)
040 _cNust
082 0 0 _a540,AND
100 1 _aAndrews, Donald H.
_999906
245 1 0 _aChemistry: a humanistic view.
260 _aNew York,
_bMcGraw-Hill
_c[1974]
300 _axv, 396 p.
_billus.
_c23 cm.
505 _aChemistry In Today’s World (Page-1), Matter (Page-14), The Chemical Elements (Page-30), Energy (Page-44), The Singing Atom (Page-66), The Atomic Nucleus (Page-98), Chemical Bonding (Page-128), Chemical Dynamics (Page-152), States And Reactions (Page-172), Solutions (Page-196), Inorganic Groups 1,2,3,4 (Page-216), Inorganic Groups 5,6,7,8 (Page-244), The Bridge Elements (Page-262), Organic Chains (Page-278), Organic Rings (Page-296), Organic Networks (Page-310), Biostructures (Page-320), Bioenergy (Page-338), Biocontrols (Page-350), Chemistry In Tomorrow’s World (Page-374).
650 0 _aChemistry.
942 _2ddc
_cBK
999 _c183342
_d183342